| 000 | 00674cam a22001571 4500 | ||
|---|---|---|---|
| 082 |
_a940.4 _bWAR |
||
| 100 | 1 |
_aWare, Fabian Arthur Goulstone, _949262 |
|
| 245 | 1 | 4 |
_aThe immortal heritage, _ban account of the work and policy of the Imperial war graves commission during twenty years, 1917-1937, _cby Fabian Ware, with an introduction by Edmund Blunden and thirty-two photographs. |
| 260 |
_aCambridge, [Eng.] _bThe University press, _c1937. |
||
| 300 |
_a80, [2] p. _bfront. [port.] illus., plates. _c21 cm. |
||
| 526 |
_a0 _b0 _c0 _d940_400000000000000_WAR |
||
| 650 | 0 |
_aCemeteries. _949263 |
|
| 650 | 0 |
_aMCE _9379 |
|
| 650 | 0 |
_aSoldiers' monuments. _949264 |
|
| 942 |
_2ddc _cBK |
||
| 999 |
_c552062 _d552062 |
||